<?xml version="1.0" encoding="UTF-8"?>
<record
    xmlns:xsi="http://www.w3.org/2001/XMLSchema-instance"
    xsi:schemaLocation="http://www.loc.gov/MARC21/slim http://www.loc.gov/standards/marcxml/schema/MARC21slim.xsd"
    xmlns="http://www.loc.gov/MARC21/slim">

  <leader>00442nam a22001457a 4500</leader>
  <controlfield tag="005">20240724124233.0</controlfield>
  <controlfield tag="008">240724b        |||||||| |||| 00| 0 eng d</controlfield>
  <datafield tag="020" ind1=" " ind2=" ">
    <subfield code="a">978-9966-64-410-7</subfield>
  </datafield>
  <datafield tag="100" ind1=" " ind2=" ">
    <subfield code="a">KING'OO, LEONARD</subfield>
  </datafield>
  <datafield tag="245" ind1=" " ind2=" ">
    <subfield code="a">LONGHORN MATHEMATICS; GRADE 8 TEACHER'S GUIDE</subfield>
  </datafield>
  <datafield tag="260" ind1=" " ind2=" ">
    <subfield code="a">NAIROBI</subfield>
    <subfield code="b">LONGHORN PUBLISHERS  PLC</subfield>
    <subfield code="c">2023</subfield>
  </datafield>
  <datafield tag="300" ind1=" " ind2=" ">
    <subfield code="a">XXVIII, 256P.</subfield>
  </datafield>
  <datafield tag="650" ind1=" " ind2=" ">
    <subfield code="a">MATHEMATICS-STUDY AND TEACHING-JUNIOR SECONDARY</subfield>
  </datafield>
  <datafield tag="942" ind1=" " ind2=" ">
    <subfield code="2">lcc</subfield>
    <subfield code="c">BK</subfield>
  </datafield>
  <datafield tag="999" ind1=" " ind2=" ">
    <subfield code="c">210918</subfield>
    <subfield code="d">210918</subfield>
  </datafield>
  <datafield tag="952" ind1=" " ind2=" ">
    <subfield code="0">0</subfield>
    <subfield code="1">0</subfield>
    <subfield code="2">lcc</subfield>
    <subfield code="4">0</subfield>
    <subfield code="6">QA00392 L66  02023 V.00008</subfield>
    <subfield code="7">0</subfield>
    <subfield code="8">SCT</subfield>
    <subfield code="9">348768</subfield>
    <subfield code="a">KSUL</subfield>
    <subfield code="b">KSUL</subfield>
    <subfield code="d">2024-07-24</subfield>
    <subfield code="i">104492</subfield>
    <subfield code="l">0</subfield>
    <subfield code="o">QA 39.2 .L66 2023 V.8</subfield>
    <subfield code="p">000000006210</subfield>
    <subfield code="r">2024-07-24 12:44:00</subfield>
    <subfield code="t">1</subfield>
    <subfield code="w">2024-07-24</subfield>
    <subfield code="y">BK</subfield>
  </datafield>
  <datafield tag="952" ind1=" " ind2=" ">
    <subfield code="0">0</subfield>
    <subfield code="1">0</subfield>
    <subfield code="2">lcc</subfield>
    <subfield code="4">0</subfield>
    <subfield code="6">QA00392 L66  02023 V.00008</subfield>
    <subfield code="7">0</subfield>
    <subfield code="8">SCT</subfield>
    <subfield code="9">348770</subfield>
    <subfield code="a">KSUL</subfield>
    <subfield code="b">KSUL</subfield>
    <subfield code="d">2024-07-24</subfield>
    <subfield code="i">104493</subfield>
    <subfield code="l">0</subfield>
    <subfield code="o">QA 39.2 .L66 2023 V.8</subfield>
    <subfield code="p">000000006205</subfield>
    <subfield code="r">2024-07-24 12:44:21</subfield>
    <subfield code="t">2</subfield>
    <subfield code="w">2024-07-24</subfield>
    <subfield code="y">BK</subfield>
  </datafield>
  <datafield tag="952" ind1=" " ind2=" ">
    <subfield code="0">0</subfield>
    <subfield code="1">0</subfield>
    <subfield code="2">lcc</subfield>
    <subfield code="4">0</subfield>
    <subfield code="6">QA00392 L66  02023 V.00008</subfield>
    <subfield code="7">0</subfield>
    <subfield code="8">SCT</subfield>
    <subfield code="9">348773</subfield>
    <subfield code="a">KSUL</subfield>
    <subfield code="b">KSUL</subfield>
    <subfield code="d">2024-07-24</subfield>
    <subfield code="i">104494</subfield>
    <subfield code="l">0</subfield>
    <subfield code="o">QA 39.2 .L66 2023 V.8</subfield>
    <subfield code="p">000000006206</subfield>
    <subfield code="r">2024-07-24 12:44:21</subfield>
    <subfield code="t">3</subfield>
    <subfield code="w">2024-07-24</subfield>
    <subfield code="y">BK</subfield>
  </datafield>
  <datafield tag="952" ind1=" " ind2=" ">
    <subfield code="0">0</subfield>
    <subfield code="1">0</subfield>
    <subfield code="2">lcc</subfield>
    <subfield code="4">0</subfield>
    <subfield code="6">QA00392 L66  02023 V.00008</subfield>
    <subfield code="7">0</subfield>
    <subfield code="8">SCT</subfield>
    <subfield code="9">348774</subfield>
    <subfield code="a">KSUL</subfield>
    <subfield code="b">KSUL</subfield>
    <subfield code="d">2024-07-24</subfield>
    <subfield code="i">104495</subfield>
    <subfield code="l">0</subfield>
    <subfield code="o">QA 39.2 .L66 2023 V.8</subfield>
    <subfield code="p">000000006207</subfield>
    <subfield code="r">2024-07-24 12:44:21</subfield>
    <subfield code="t">4</subfield>
    <subfield code="w">2024-07-24</subfield>
    <subfield code="y">BK</subfield>
  </datafield>
  <datafield tag="952" ind1=" " ind2=" ">
    <subfield code="0">0</subfield>
    <subfield code="1">0</subfield>
    <subfield code="2">lcc</subfield>
    <subfield code="4">0</subfield>
    <subfield code="6">QA00392 L66  02023 V.00008</subfield>
    <subfield code="7">0</subfield>
    <subfield code="8">SCT</subfield>
    <subfield code="9">348776</subfield>
    <subfield code="a">KSUL</subfield>
    <subfield code="b">KSUL</subfield>
    <subfield code="d">2024-07-24</subfield>
    <subfield code="i">104496</subfield>
    <subfield code="l">0</subfield>
    <subfield code="o">QA 39.2 .L66 2023 V.8</subfield>
    <subfield code="p">000000006208</subfield>
    <subfield code="r">2024-07-24 12:44:21</subfield>
    <subfield code="t">5</subfield>
    <subfield code="w">2024-07-24</subfield>
    <subfield code="y">BK</subfield>
  </datafield>
</record>
